000
00227nam a22000857a 4500
008
170603b xxu||||| |||| 00| 0 eng d
100
_9
3255
_a
Agarwall D. S
245
_a
Jokes of Hicks chilli
260
_a
New Delhi
_b
Fusion Books
_c
2003
999
_c
6569
_d
6569